000 00426nam a22001817a 4500
999 _c6151
_d6149
005 20210827114110.0
008 200318b xxu||||| |||| 00| 0 eng d
020 _a9788123911038
041 _aeng
082 _a615
100 _aVIMALA DEVI M
_96766
245 _aTEXTBOOK OF COSMETICS
250 _a1'ST
260 _aNEW DELHI
_bCBS PUBLICATION
_c2019
300 _a324P. ; IX
650 _aPHARMACY
_96767
942 _cBK